Control and dynamic systems

Guardado en:
Detalles Bibliográficos
Autores principales: Takahashi, Yasundo (Autor), Rabins, Michael J (Autor), Auslander, David M (Autor)
Formato: Libro
Lenguaje:inglés
Publicado: Reading Addison-Wesley 1970
Materias:
Etiquetas: Agregar Etiqueta
Sin Etiquetas, Sea el primero en etiquetar este registro!

MARC

LEADER 00000nam a2200000 a 4500
001 UCU6737
003 CL-VaPUC
008 960621e19700000US |||||||||||||||||eng|d
082 0 4 |a 629.831  |b TAK  |2 21 
100 0 |a Takahashi, Yasundo  |e author  |9 365085 
700 0 |a Rabins, Michael J  |e author  |9 365086 
700 0 |a Auslander, David M  |e author  |9 365087 
245 1 0 |a Control and dynamic systems 
300 |a 800 p 
942 |c BK 
945 |d 19960621 00:00:00  |a paguirre 
260 |a Reading  |b Addison-Wesley  |c 1970 
650 0 |a Control automático  |9 259890 
650 7 |a EQUIPO DE CONTROL AUTOMATICO  |2 CL-VaPUC  |9 364103 
650 7 |a CONTROL DE SISTEMAS  |2 CL-VaPUC  |9 352951 
650 0 |a Ecuaciones diferenciales  |9 260083 
650 0 |a Funciones   |9 263869 
650 0 |a Circuitos lógicos   |9 263161 
650 0 |a Procesos estocásticos   |9 260364 
583 |a last modification  |c 19960621 00:00:00  |k Rodrigo Vera 
999 |c 249559  |d 249557 
952 |0 0  |1 0  |4 0  |6 629_831000000000000_TAK_1970  |7 0  |8 A  |9 266861  |a BIBING  |b BIBING  |d 2019-11-19  |i 1690574  |o 629.831 TAK 1970  |p 1690574  |r 2025-01-20  |w 2019-11-19  |y BK  |k EIE